| 000 | 00445nam a2200169 i 4500 | ||
|---|---|---|---|
| 001 | 41087 | ||
| 003 | ES-MaACL | ||
| 005 | 20230906160354.0 | ||
| 007 | t| | ||
| 008 | 030307s1965 sp ||||1| spa d | ||
| 100 | 1 |
_aCarmona, Angel. _935333 |
|
| 245 | 1 | 3 |
_aEl cristianismo / _cpor Angel Carmona. |
| 250 | _a1ª ed. | ||
| 260 |
_aBarcelona : _bBruguera, _c1965. |
||
| 300 |
_a268 p., 16 lám. ; _c22 cm. |
||
| 852 |
_aES-MaACL _jC-27960 _bR.56943 |
||
| 999 |
_c41087 _d41087 |
||